Discrete mathematics and its applications (Record no. 5957)
[ view plain ]
| 000 -LEADER | |
|---|---|
| fixed length control field | 00583 a2200217 4500 |
| 001 - CONTROL NUMBER | |
| control field | 131483 |
| 003 - CONTROL NUMBER IDENTIFIER | |
| control field | OSt |
| 005 - DATE AND TIME OF LATEST TRANSACTION | |
| control field | 20211027173318.0 |
| 008 - FIXED-LENGTH DATA ELEMENTS--GENERAL INFORMATION | |
| fixed length control field | |
| 020 ## - INTERNATIONAL STANDARD BOOK NUMBER | |
| International Standard Book Number | 9780070681880 |
| 082 ## - DEWEY DECIMAL CLASSIFICATION NUMBER | |
| Classification number | 511.1 |
| Item number | R72D |
| 100 1# - MAIN ENTRY--PERSONAL NAME | |
| Personal name | Rosen, Kenneth H. |
| 245 1# - TITLE STATEMENT | |
| Title | Discrete mathematics and its applications |
| Statement of responsibility, etc | by Kenneth H. Rosen |
| 250 ## - EDITION STATEMENT | |
| Edition statement | 6th ed. |
| 260 ## - PUBLICATION, DISTRIBUTION, ETC. (IMPRINT) | |
| Place of publication, distribution, etc | New Delhi |
| Name of publisher, distributor, etc | Tata McGraw Hill |
| Date of publication, distribution, etc | 2009 |
| 300 ## - PHYSICAL DESCRIPTION | |
| Extent | 787p. |
| 653 ## - INDEX TERM--UNCONTROLLED | |
| Uncontrolled term | Mathematics |
| 653 ## - INDEX TERM--UNCONTROLLED | |
| Uncontrolled term | Computer science-Mathematics |
| 653 ## - INDEX TERM--UNCONTROLLED | |
| Uncontrolled term | Logic, Symbolic and mathematical |
| 942 ## - ADDED ENTRY ELEMENTS (KOHA) | |
| Source of classification or shelving scheme | Dewey Decimal Classification |
| Koha item type | Books |
| Withdrawn status | Lost status | Damaged status | Not for loan | Collection code | Home library | Current library | Date acquired | Source of acquisition | Cost, normal purchase price | Total Checkouts | Full call number | Barcode | Date last seen | Date checked out | Price effective from | Koha item type | Source of classification or shelving scheme |
|---|---|---|---|---|---|---|---|---|---|---|---|---|---|---|---|---|---|
| General Text Book | Central University Of Rajasthan | Central University Of Rajasthan | 11/09/2015 | CSC | 0.00 | 22 | 511.1 R72D | 23181 | 16/04/2026 | 01/04/2026 | 02/09/2020 | Books | |||||
| General Text Book | Central University Of Rajasthan | Central University Of Rajasthan | 11/09/2015 | CSC | 0.00 | 18 | 511.1 R72D | 23180 | 03/06/2026 | 18/05/2026 | 02/09/2020 | Books | |||||
| General Text Book | Central University Of Rajasthan | Central University Of Rajasthan | 11/09/2015 | CSC | 0.00 | 21 | 511.1 R72D | 23183 | 01/06/2026 | 19/05/2026 | 02/09/2020 | Books | |||||
| General Text Book | Central University Of Rajasthan | Central University Of Rajasthan | 11/09/2015 | CSC | 0.00 | 511.1 R72D | 23182 | 02/09/2020 | 02/09/2020 | Books | |||||||
| General Text Book | Central University Of Rajasthan | Central University Of Rajasthan | 08/06/2012 | MTH | 460.00 | 10 | 511.1 R72D | 7563 | 15/04/2026 | 06/04/2026 | 02/09/2020 | Books | Dewey Decimal Classification |
